00443nam a2200157Ia 45000010006000000050017000060080041000230410008000640820018000721000025000902450117001152600009002323000028002416500008002696540008002771862420260306171644.0260306s9999||||xx |||||||||||||| ||und|| aESP a658.4092bH36 aHeifetz, RonaldeAUT 0aLa práctica del liderazgo adaptativo:blas herramientas y tácticas para cambiar su organización y el mundo c2012 a396 páginas :c22 cm. aGEN aCAN